000 00375nam a2200169Ia 4500
008 220531s9999 xx 000 0 und d
041 _aeng
082 _bLAL
100 _aLall Ramji
_942099
245 _aShelly
260 _bRama
_c1999
300 _a135
542 _d10-07-2000
650 _aEnglish
_942100
906 _d2000-2001
_f7498
999 _c25134
_d25134